Aplikácia portfóliovej metódy na zhodnotenie vybraných bankových produktov bakalárska práca

Gespeichert in:
Bibliographische Detailangaben
1. Verfasser: Leličová, Ľuboslava
Körperschaft: Podnikovohospodárska fakulta EU so sídlom v Košiciach. Katedra ekonómie
Weitere Verfasser: Kafková, Eva
Format: Buch
Sprache:Slowakisch
Veröffentlicht: Košice 2012
Tags: Tag hinzufügen
Keine Tags, Fügen Sie das erste Tag hinzu!

MARC

LEADER 00000nbm a2200000 4500
001 0155727
005 20240827091955.2
041 0 |a slo 
044 |a SK 
245 1 0 |a Aplikácia portfóliovej metódy na zhodnotenie vybraných bankových produktov  |b bakalárska práca  |c Ľuboslava Leličová ; školiteľ: Eva Kafková 
264 1 |a Košice  |c 2012 
300 |a 45 s. 
100 1 |a Leličová, Ľuboslava 
700 1 |a Kafková, Eva 
710 2 |a Podnikovohospodárska fakulta EU so sídlom v Košiciach. Katedra ekonómie